| 000 | 00907nam a2200253 i 4500 | ||
|---|---|---|---|
| 003 | DO-SdBNP | ||
| 005 | 20240229091845.0 | ||
| 007 | ta | ||
| 008 | 231121t2002 dr aco|| |||| 00| p spa d | ||
| 040 |
_aDO-SdBNP _bspa _cBNPHU _erda |
||
| 082 | 4 |
_222 _bD134r |
|
| 100 | 1 |
_aMiguel A. Dájer Scheker _943655 _eautor |
|
| 245 | 1 | 0 |
_aRetazos. / _cMiguel A. Dájer Scheker; editor, fotografía, Erika Vilaín de Reyes, prólogo, Mario E. Sánchez C. |
| 264 | 4 |
_a[Santo Domingo] : _bIntergrafic, _c2002 |
|
| 300 |
_a129 páginas : _bIlustraciones, retratos, fotografías _c28 cm. |
||
| 336 |
_2rdacontent _atexto _btxt |
||
| 337 |
_2rdamedia _asin mediación _bn |
||
| 338 |
_2rdacarrier _avolumen _bnc |
||
| 590 | _aInventariado, 2024/ YL | ||
| 700 | 1 |
_aVilaín de Reyes, Erika, _eeditor, fotografía _984656 |
|
| 700 | 1 |
_aSánchez Córdova, Mario Emilio, _934794 _eprólogo |
|
| 910 | _aYLockward | ||
| 942 |
_2ddc _cLBS1 |
||
| 999 |
_c55541 _d55541 |
||